Equipos Rusia 2018 - Estadísticas

Estadísticas generales
  • Esta prueba ha sido intentada 130 veces
  • La puntuación promedio es 27 de 32
Estadísticas de respuestas
GRUPO Respuesta % Correcto
A Rusia
98%
D Argentina
97%
B España
97%
F Alemania
96%
E Brasil
96%
C Francia
96%
F Corea del Sur
94%
B Portugal
94%
F Mexico
92%
A Uruguay
92%
G Inglaterra
91%
H Japon
91%
C Peru
91%
H Colombia
90%
D Croacia
90%
F Suecia
90%
A Egipto
88%
D Nigeria
88%
G Belgica
87%
B Marruecos
85%
C Australia
83%
E Suiza
82%
E Costa Rica
81%
G Panama
81%
H Senegal
81%
H Polonia
80%
C Dinamarca
79%
B Iran
77%
D Islandia
76%
E Serbia
76%
G Tunez
71%
A Saudi Arabia
27%
No se encontraron pruebas coincidentes
Distribución de puntuación
Porcentaje de gente con cada puntuación
Porcentaje por número respondido
Historial de tus puntuaciones
No has intentado esta prueba.